Gaming Quiz

Random Gaming or Video Games Quiz

Black Ops Weapons Quiz Stats

 Plays Quiz not verified by Sporcle

Score 0/40 Timer 04:00
0 Plays Today
Type Weapon % Correct
Assault RifleColt M16
91.7%
Assault RifleFAMAS
82.5%
Assault RifleAK47
82.5%
Assault RifleM14
78.9%
Assault RifleColt XM177
75.9%
Assault RifleHeckler & Koch G11
71.9%
Assault RifleGalil
71.1%
Sub Machine GunAK-74u
69.7%
Sub Machine GunHeckler & Koch MP5K
68%
PistolColt Python
67.1%
ShotgunFranchi SPAS-12
65.8%
Light Machine GunRPK
65.4%
Light Machine GunM60
65.4%
ShotgunRottweil Skeet Olympia 72
65.4%
Assault RifleFN FAL
64.5%
Assault RifleSteyr AUG
64%
LauncherRPG
63.6%
Assault RifleEnfield
62.7%
LauncherChina Lake Model
61.8%
ShotgunStakeout
61.4%
Type Weapon % Correct
PistolColt M1911
59.6%
Sniper RifleWalther WA2000
58.8%
Sniper RifleDragunov
57%
Sniper RifleAIAW L96A1
55.7%
Light Machine GunXM22-E1/Stoner 63
54.8%
Light Machine GunHeckler & Koch HK21
53.9%
PistolCZ 75
51.8%
Sniper RifleHeckler & Koch PSG1
50.9%
LauncherM72 LAW
50.9%
PistolPistolet Makarova
50.9%
Sub Machine GunOTs-02 Kiparis
48.2%
Sub Machine GunIMI Uzi
46.9%
Sub Machine GunMAC-11
46.1%
Sub Machine GunSpectre M4
44.3%
Launcher9K34 Strela-3
43.9%
Sub Machine GunSkorpion
43.4%
Sub Machine GunWalther MPL
42.5%
ShotgunHigh Special Model 10
42.5%
PistolSmith & Wesson Model 39-2
41.2%
Sub Machine GunPM-63 RAK
40.8%

You're not logged in!

Compare scores with friends on all Sporcle quizzes.
OR
Log In

Show Comments

Extras

Top Quizzes Today


Score Distribution

Your Account Isn't Verified!

In order to create a playlist on Sporcle, you need to verify the email address you used during registration. Go to your Sporcle Settings to finish the process.

Report this User

Report this user for behavior that violates our Community Guidelines.

Details: